[Event "Brandenburg Seniors op 15th"]
[Site "Rowy"]
[Date "2006.06.26"]
[Round "7"]
[White "Joch, Horst"]
[Black "Mazurkiewicz, Antoni"]
[Result "1/2-1/2"]
[WhiteElo "1562"]
[BlackElo "1549"]
[PlyCount "105"]
[EventDate "2006.06.19"]
[EventType "swiss"]
[EventRounds "9"]
[EventCountry "POL"]
[SourceTitle "EXT 2007"]
[Source "ChessBase"]
[SourceDate "2006.11.23"]
[SourceVersion "1"]
[SourceVersionDate "2006.11.23"]
[SourceQuality "1"]

1. e4 c5 2. Nf3 g6 3. c3 Bg7 4. d4 cxd4 5. Nxd4 Nf6 6. Bd3 d6 7. 0-0 0-0 8. h3 Nbd7 9. Be3 Ne5 10. Bc2 b6 11. f3 Bb7 12. Bb3 Rc8 13. Qd2 Nc4 14. Bxc4 Rxc4 15. Bh6 Ne8 16. Bxg7 Nxg7 17. Na3 Rc5 18. Rfd1 Qd7 19. Nb3 Rc7 20. Nc2 f5 21. e5 d5 22. f4 e6 23. Ncd4 Rfc8 24. Qe2 a6 25. Rd2 Rc4 26. Qf2 Qd8 27. Rd3 Kf7 28. Nd2 R4c7 29. N4f3 b5 30. Ng5+ Kg8 31. Nb3 h6 32. Nf3 Qe7 33. Nbd4 Nh5 34. Ne2 Rc4 35. Rd4 Kf7 36. Qh4 Qxh4 37. Nxh4 g5 38. fxg5 hxg5 39. Nf3 Kg6 40. Rad1 R4c7 41. h4 g4 42. Ng5 Re7 43. Nf4+ Nxf4 44. Rxf4 Rc6 45. Rfd4 Bc8 46. g3 Rec7 47. a3 Rc4 48. Kf2 Rxd4 49. Rxd4 Bd7 50. Ke3 Rc8 51. Kf4 a5 52. Ke3 Rb8 53. Kf4 1/2-1/2

[Event "Rowy Jantar op"]
[Site "Rowy"]
[Date "2005.06.26"]
[Round "6"]
[White "Mazurkiewicz, Antoni"]
[Black "Grigoleit, Eckhard"]
[Result "1/2-1/2"]
[WhiteElo "1800"]
[BlackElo "1612"]
[PlyCount "124"]
[EventDate "2005.06.20"]
[EventType "swiss"]
[EventRounds "9"]
[EventCountry "POL"]
[SourceTitle "EXT 2007"]
[Source "ChessBase"]
[SourceDate "2006.11.23"]
[SourceVersion "1"]
[SourceVersionDate "2006.11.23"]
[SourceQuality "1"]

1. e4 e5 2. Nf3 Nc6 3. Bb5 d6 4. d4 Bd7 5. 0-0 f6 6. c3 a6 7. Ba4 b5 8. Bb3 Na5 9. Bc2 Ne7 10. h3 Ng6 11. Be3 Be7 12. Nbd2 0-0 13. Nh2 Qc8 14. Qh5 Be8 15. Qe2 Bd7 16. f4 c5 17. Rac1 Kh8 18. f5 exd4 19. cxd4 cxd4 20. Bxd4 Ne5 21. Bc3 Qc5+ 22. Kh1 b4 23. Bxe5 Qxe5 24. b3 Rfc8 25. Nhf3 Qb2 26. Qd1 Rc5 27. Bb1 Rac8 28. Rxc5 Rxc5 29. Bd3 Qxa2 30. Qb1 Qxb1 31. Rxb1 Bc8 32. Ra1 Bd8 33. Rb1 g6 34. g4 Kg7 35. Nc4 Nxc4 36. Bxc4 Bb7 37. Nd2 a5 38. Kg1 Re5 39. Bd3 Bb6+ 40. Kf1 Bc7 41. Rc1 Re7 42. Kf2 Kh6 43. Re1 Bb6+ 44. Kf1 Kg5 45. Kg2 d5 46. Kf3 Bd4 47. Re2 Bc3 48. Nf1 dxe4+ 49. Bxe4 Rxe4 50. Rxe4 Bxe4+ 51. Kxe4 Kh4 52. fxg6 hxg6 53. Ne3 Kxh3 54. Kf3 Kh4 55. Nc4 Kg5 56. Nxa5 f5 57. gxf5 Kxf5 58. Nc4 g5 59. Ne3+ Ke6 60. Kg4 Bd2 61. Nc2 Kf6 62. Nd4 Bc1 1/2-1/2

[Event "Rowy Jantar op"]
[Site "Rowy"]
[Date "2005.06.20"]
[Round "1"]
[White "Kolcz, Jozef"]
[Black "Mazurkiewicz, Antoni"]
[Result "0-1"]
[WhiteElo "1200"]
[BlackElo "1800"]
[PlyCount "102"]
[EventDate "2005.06.20"]
[EventType "swiss"]
[EventRounds "9"]
[EventCountry "POL"]
[SourceTitle "EXT 2007"]
[Source "ChessBase"]
[SourceDate "2006.11.23"]
[SourceVersion "1"]
[SourceVersionDate "2006.11.23"]
[SourceQuality "1"]

1. e4 e5 2. Bc4 Nf6 3. d3 Be7 4. Bg5 h6 5. Be3 c6 6. Ne2 d5 7. exd5 cxd5 8. Bb3 Nc6 9. 0-0 0-0 10. c3 Be6 11. Qc1 Ng4 12. h3 Nxe3 13. fxe3 Bg5 14. Na3 Qb6 15. Nc2 Rac8 16. Kh2 Qc7 17. g3 Na5 18. Ng1 a6 19. h4 Bf6 20. Qd1 Nxb3 21. axb3 Rcd8 22. d4 exd4 23. exd4 Bxh4 24. Qf3 Bf6 25. Ne2 Qd7 26. Nf4 Bg4 27. Qf2 Rfe8 28. Ne3 Be6 29. Rae1 Qb5 30. b4 Qc6 31. Qf3 Qd7 32. Nh5 Bg5 33. Nf4 Bf6 34. Nxe6 fxe6 35. Qg4 Rf8 36. Qh5 Kh7 37. Ng4 Bg5 38. Ne5 Qe8 39. Qxe8 Rdxe8 40. Nf7 Bf6 41. Nd6 Re7 42. c4 dxc4 43. Nxc4 Rc8 44. Ne5 Rc2+ 45. Kh3 Rxb2 46. Rb1 Rxb1 47. Rxb1 Bxe5 48. dxe5 Rd7 49. b5 a5 50. b6 Rd5 51. Rc1 Rb5 0-1

[Event "Brandenburg Seniors op 13th"]
[Site "Rowy"]
[Date "2004.06.21"]
[Round "1"]
[White "Szczepaniec, Stanislaw"]
[Black "Mazurkiewicz, Antoni"]
[Result "1-0"]
[WhiteElo "2085"]
[BlackElo "1717"]
[PlyCount "105"]
[EventDate "2004.06.21"]
[EventType "swiss"]
[EventRounds "9"]
[EventCountry "POL"]
[SourceTitle "EXT 2006"]
[Source "ChessBase"]
[SourceDate "2005.11.24"]
[SourceVersion "1"]
[SourceVersionDate "2005.11.24"]
[SourceQuality "1"]

1. c4 Nf6 2. Nc3 g6 3. e4 d6 4. d4 Bg7 5. Be2 c6 6. Bg5 Nbd7 7. Qd2 h6 8. Be3 b6 9. f4 e5 10. fxe5 dxe5 11. d5 Bb7 12. Nh3 cxd5 13. cxd5 Rc8 14. 0-0 a6 15. Nf2 Nc5 16. b4 Ncd7 17. a4 0-0 18. a5 b5 19. Nd3 Kh7 20. Rab1 Rxc3 21. Qxc3 Nxe4 22. Qb3 f5 23. Bf3 Nef6 24. Nc5 Nxc5 25. Bxc5 Re8 26. d6 e4 27. Be2 Bd5 28. Qh3 Nd7 29. Rbd1 Bc6 30. Bd4 Ne5 31. g4 fxg4 32. Bxg4 Qg5 33. Bxe5 Bxe5 34. d7 Rd8 35. Kf2 Qe7 36. Ke2 Qxb4 37. Be6 Bg7 38. Rf7 Qb2+ 39. Rd2 Qe5 40. Ba2 b4 41. Qh4 Qb5+ 42. Ke1 g5 43. Qf2 b3 44. Qf6 Rg8 45. d8Q Be8 46. Qf5+ Qxf5 47. Rxf5 bxa2 48. Rxa2 Bc3+ 49. Ke2 Rg7 50. Rc2 Rc7 51. Qd5 Bh5+ 52. Ke3 Kg6 53. Qe6+ 1-0

[Event "Brandenburg Seniors op 12th"]
[Site "Rowy"]
[Date "2003.06.22"]
[Round "6"]
[White "Mazurkiewicz, Antoni"]
[Black "Janocha, Jan"]
[Result "1-0"]
[WhiteElo "1600"]
[BlackElo "1800"]
[PlyCount "118"]
[EventDate "2003.06.??"]
[EventType "swiss"]
[EventRounds "9"]
[EventCountry "POL"]
[SourceTitle "EXT 2006"]
[Source "ChessBase"]
[SourceDate "2005.11.24"]
[SourceVersion "1"]
[SourceVersionDate "2005.11.24"]
[SourceQuality "1"]

1. d4 f5 2. c4 Nf6 3. Nc3 g6 4. g3 Bg7 5. Nf3 b6 6. Bg2 Bb7 7. 0-0 0-0 8. Bg5 e6 9. b3 Qe7 10. Nb5 d6 11. Rc1 Na6 12. Nc3 c5 13. Re1 Rad8 14. d5 e5 15. e4 Bc8 16. Qd2 Rf7 17. Nh4 Rdf8 18. Kh1 Qe8 19. exf5 Bxf5 20. f4 Nd7 21. Nxf5 gxf5 22. Nb5 Qb8 23. fxe5 Nxe5 24. Bf4 Nb4 25. Re3 a6 26. Nc3 a5 27. Nb5 Qd8 28. Rce1 Re8 29. a3 Na6 30. h3 a4 31. bxa4 Nc7 32. Qc2 Nxb5 33. axb5 Qc7 34. Bf1 Ra8 35. Be2 Rff8 36. Kg2 Qf7 37. Bd1 Kh8 38. Qe2 Bf6 39. a4 Rg8 40. Bc2 Qd7 41. Rc1 Ng6 42. Qf1 Bd4 43. Re6 Nxf4+ 44. Qxf4 Be5 45. Rxe5 dxe5 46. Qxe5+ Qg7 47. Qxg7+ Rxg7 48. Bxf5 Rxa4 49. d6 Ra2+ 50. Kf3 Rd2 51. d7 Rf7 52. g4 Rdxd7 53. Kg3 Ra7 54. Re1 Kg7 55. Re6 Rf6 56. Re8 h5 57. Kf4 hxg4 58. hxg4 Ra1 59. Kg5 Ra7 1-0

[Event "Brandenburg Seniors op 12th"]
[Site "Rowy"]
[Date "2003.06.21"]
[Round "5"]
[White "Zasztowt, Janusz"]
[Black "Mazurkiewicz, Antoni"]
[Result "1-0"]
[WhiteElo "1800"]
[BlackElo "1600"]
[PlyCount "42"]
[EventDate "2003.06.??"]
[EventType "swiss"]
[EventRounds "9"]
[EventCountry "POL"]
[SourceTitle "EXT 2006"]
[Source "ChessBase"]
[SourceDate "2005.11.24"]
[SourceVersion "1"]
[SourceVersionDate "2005.11.24"]
[SourceQuality "1"]

1. e4 e5 2. Nf3 Nc6 3. Bc4 Nf6 4. Ng5 d5 5. exd5 Na5 6. Bb5+ c6 7. dxc6 bxc6 8. Qf3 Bd7 9. Ba4 a6 10. Ne4 Be7 11. Nxf6+ gxf6 12. d3 Qb6 13. Bb3 Nxb3 14. axb3 Be6 15. Be3 Qb7 16. Qg3 Kd7 17. f3 Rag8 18. Qf2 h6 19. Nd2 f5 20. Nc4 Rg6 21. Nb6+ Ke8 1-0

[Event "Brandenburg Seniors op 12th"]
[Site "Rowy"]
[Date "2003.06.18"]
[Round "2"]
[White "Satka, Martin"]
[Black "Mazurkiewicz, Antoni"]
[Result "0-1"]
[WhiteElo "1271"]
[BlackElo "1600"]
[PlyCount "69"]
[EventDate "2003.06.??"]
[EventType "swiss"]
[EventRounds "9"]
[EventCountry "POL"]
[SourceTitle "EXT 2006"]
[Source "ChessBase"]
[SourceDate "2005.11.24"]
[SourceVersion "1"]
[SourceVersionDate "2005.11.24"]
[SourceQuality "1"]

1. b4 e5 2. a3 g6 3. Bb2 Bg7 4. c4 b6 5. e3 Bb7 6. Nf3 d6 7. Be2 Ne7 8. 0-0 Nd7 9. Qc2 0-0 10. e4 a5 11. Nc3 f5 12. Ng5 Rf6 13. exf5 Nxf5 14. Nce4 Bxe4 15. Qxe4 Ne7 16. Bg4 Nf8 17. f4 h6 18. Nh3 Rf7 19. fxe5 d5 20. cxd5 Rxf1+ 21. Rxf1 Qxd5 22. Qxd5+ Nxd5 23. Be6+ Nxe6 24. Nf2 axb4 25. axb4 Nxb4 26. Rc1 c5 27. Bc3 Nc6 28. Ne4 Bxe5 29. Bxe5 Nxe5 30. Rf1 Nd3 31. g3 Kg7 32. Rf6 Ng5 33. Rd6 Ra1+ 34. Kg2 Ne1+ 35. Kf2 0-1

[Event "Brandenburg Seniors op 12th"]
[Site "Rowy"]
[Date "2003.06.17"]
[Round "1"]
[White "Mazurkiewicz, Antoni"]
[Black "Keusch, Horst"]
[Result "0-1"]
[WhiteElo "1600"]
[BlackElo "1974"]
[PlyCount "112"]
[EventDate "2003.06.??"]
[EventType "swiss"]
[EventRounds "9"]
[EventCountry "POL"]
[SourceTitle "EXT 2006"]
[Source "ChessBase"]
[SourceDate "2005.11.24"]
[SourceVersion "1"]
[SourceVersionDate "2005.11.24"]
[SourceQuality "1"]

1. e4 d6 2. d4 Nf6 3. Nc3 c6 4. Nf3 Nbd7 5. h3 e5 6. Bg5 Be7 7. Bd3 0-0 8. 0-0 b5 9. a3 Qc7 10. Ne2 h6 11. Bh4 Re8 12. c3 Nf8 13. Bg3 Ng6 14. Rc1 a6 15. Bh2 Be6 16. dxe5 dxe5 17. Nfd4 Bc5 18. Nxe6 Rxe6 19. Nd4 Ree8 20. Qe2 Rad8 21. Nf5 Nh5 22. Rcd1 Nhf4 23. Qf3 Re6 24. Bc2 Rf6 25. Rxd8+ Qxd8 26. Rd1 Qc7 27. Rd2 Ne6 28. Qd1 Ngf4 29. Bg3 Nf8 30. b4 Be7 31. Kh2 Rg6 32. Bb3 Bg5 33. Nd6 N4e6 34. Rd3 Bf4 35. Bxf4 exf4 36. e5 c5 37. Bd5 Rg5 38. Qe2 Ng6 39. bxc5 Rxe5 40. Bxe6 Rxe2 41. Bxf7+ Kh7 42. Rd5 f3 43. gxf3 Rxf2+ 44. Kg3 Re2 45. h4 Re7 46. Rf5 Ne5 47. Bb3 Qxc5 48. Ne4 Qg1+ 49. Kh3 Ng6 50. h5 Qh1+ 51. Kg3 Qh4+ 52. Kg2 Nf4+ 53. Kg1 Nxh5 54. Rf8 Nf6 55. Bc2 Nxe4 56. Bxe4+ Qxe4 0-1